El constructivismo en la práctica
Saved in:
| Main Authors: | , , , , , , , , , , , , , , , , , , , |
|---|---|
| Format: | Bog |
| Sprog: | spansk |
| Udgivet: |
Barcelona
Graó
2000
|
| Serier: | Claves Para la Innovación Educativa, 2
|
| Fag: | |
| Tags: |
Tilføj Tag
Ingen Tags, Vær først til at tagge denne postø!
|
MARC
| LEADER | 00000nam a2200000 a 4500 | ||
|---|---|---|---|
| 001 | UCO4335 | ||
| 003 | CL-VaPUC | ||
| 008 | 000804e20000000SP |||||||||||||||||spa|d | ||
| 082 | 0 | 4 | |a 371.3 |b BAR |2 21 |
| 100 | |a Barberá Gregori, Elena |e author |9 523343 | ||
| 700 | |a Bolívar Botía, Antonio |e author |9 420569 | ||
| 700 | 0 | |a Calvo, José Ramón |e author |9 448780 | |
| 700 | 0 | |a Coll Salvador, César |e author |9 448781 | |
| 700 | 0 | |a Fuster, Javier |e author |9 448782 | |
| 700 | |a García, María Carmen |e author |9 470266 | ||
| 700 | 0 | |a Grau, Ramón |e author |9 448784 | |
| 700 | 0 | |a López Cabañas, Anselmo |e author |9 448785 | |
| 700 | 0 | |a Manuel, Jordi de |e author |9 448786 | |
| 700 | 0 | |a Marrero, Magdalena |e author |9 448787 | |
| 700 | 0 | |a Mollà, Josefa |e author |9 448788 | |
| 700 | 0 | |a Navarro, María Carmen |e author |9 448789 | |
| 700 | 0 | |a Onrubia, Javier |e author |9 448790 | |
| 700 | 0 | |a Pozo, Juan Ignacio |e author |9 448791 | |
| 700 | 0 | |a Rodríguez Lestegás, Francisco |e author |9 448792 | |
| 700 | 0 | |a Segura, José María |e author |9 448793 | |
| 700 | 0 | |a Soler, Montse |e author |9 448794 | |
| 700 | 0 | |a Teberosky, Ana |e author |9 448795 | |
| 700 | 0 | |a Torres, María Milagros |e author |9 448796 | |
| 700 | 0 | |a Yábar, José Manuel |e author |9 448797 | |
| 245 | 1 | 3 | |a El constructivismo en la práctica |
| 300 | |a 155 p | ||
| 942 | |c BK | ||
| 945 | |d 20000804 00:00:00 |a rbrito | ||
| 260 | |a Barcelona |b Graó |c 2000 | ||
| 650 | 0 | |a Objetivos educativos |9 306344 | |
| 650 | 0 | |a Educación científica |9 307484 | |
| 650 | 0 | |a Cognición |9 270347 | |
| 650 | 0 | |a Aptitud creadora |9 307292 | |
| 650 | 0 | |a Educación básica |9 224933 | |
| 650 | 0 | |a SIDA (Síndrome de Inmunodeficiencia Adquirida) |9 256118 | |
| 650 | 0 | |a Planificación del currículo |9 269599 | |
| 583 | |a last modification |c 20190726 11:51:37 |k Rodrigo Vera | ||
| 490 | 0 | |a Claves Para la Innovación Educativa, 2 | |
| 999 | |c 290394 |d 290392 | ||
| 952 | |0 0 |1 0 |4 0 |6 371_300000000000000_BAR_2000 |7 0 |8 A |9 339768 |a BIBEDU |b BIBEDU |d 2019-11-20 |i 3637042 |o 371.3 BAR 2000 |p 3637042 |r 2019-11-20 |w 2019-11-20 |y BK |k EPE | ||
| 952 | |0 0 |1 0 |4 0 |6 371_300000000000000_BAR_2000 |7 0 |8 A |9 339769 |a BIBEDU |b BIBEDU |d 2019-11-20 |i 364409K |o 371.3 BAR 2000 |p 364409K |r 2019-11-20 |w 2019-11-20 |y BK |k BME | ||
| 952 | |0 0 |1 0 |4 0 |6 371_300000000000000_BAR_2000 |7 0 |8 A |9 339770 |a BIBEDU |b BIBEDU |d 2019-11-20 |i 3648982 |o 371.3 BAR 2000 |p 3648982 |r 2019-11-20 |w 2019-11-20 |y BK |k BME | ||
| 952 | |0 0 |1 0 |4 0 |6 371_300000000000000_BAR_2000 |7 0 |8 A |9 339771 |a BIBEDU |b BIBEDU |d 2019-11-20 |i 3702499 |o 371.3 BAR 2000 |p 3702499 |r 2019-11-20 |w 2019-11-20 |y BK |k LIT | ||
| 952 | |0 0 |1 0 |4 0 |6 371_300000000000000_BAR_2000 |7 0 |8 A |9 339772 |a FDOPOS |b FDOPOS |d 2019-11-20 |i 3805549 |o 371.3 BAR 2000 |p 3805549 |r 2025-01-22 |w 2019-11-20 |y BK |k MED | ||